| 000 | 00492nam a2200193Ia 4500 | ||
|---|---|---|---|
| 005 | 20240823020058.0 | ||
| 008 | 240823s9999||||xx |||||||||||||| ||und|| | ||
| 020 | _a81-7808-156-3 | ||
| 041 | _aENGLISH | ||
| 082 | _A005.1 P2 | ||
| 100 | _a"Booch,Grady" | ||
| 245 | 0 | _aObject-Oriented Analysis & Design with Applications | |
| 250 | _a2nd | ||
| 260 |
_c2002 _bPearson Education (Singapore) |
||
| 500 | _aYES | ||
| 650 |
_aAnalysis _bComputer Science |
||
| 942 | _cBK | ||
| 999 |
_c173910 _d173910 |
||